000 00893nam a2200277Ia 4500
001 Para_7921
003 CHAP
008 220125s9999 xx 000 0 und d
010 _a206601
040 _cCHAP
082 _aPA-C 595.75 H4
100 _aHungerford, H.B.
_956910
245 _aSome south american corixidae /
_c by H.B. Hungerford
300 _a7 p.
440 _aHemiptera, 8
_9172903
500 _aSobretiro de: Bulletin of the Brooklyn Entomological Society 23 (4): 174-182,1928. Encuadernado con otros impresos similares
650 _a
_x Hemípteros
_x colecciones de escritos
_x Corixidae
_9172885
710 _aBulletin of the Brooklyn Entomological Society 23 (4)
_9172904
901 _aPA-C 595.75 H4
902 _aA
905 _a000000 f 0000000000 00
910 _a
942 _cPARA
942 _cPARA
_d1
999 _c206601
_d206601